000 00304nam a2200133 a 4500
005 20141022141958.0
008 120302s19uu xx 00 eng d
050 _aCD
_bJ72 2008
100 _aJones, Leo
245 _aLet's talk 3 /
_cLeo Jones.
250 _a2nd ed.
260 _c2008.
942 _cAVM
999 _c276079
_d276079